Bear In A Square (Record no. 261892)
[ view plain ]
| 000 -LEADER | |
|---|---|
| fixed length control field | 00215nam a22000977a 4500 |
| 020 ## - INTERNATIONAL STANDARD BOOK NUMBER | |
| ISBN | 9781841482873 |
| 100 ## - MAIN ENTRY--AUTHOR NAME | |
| Personal name | Stella Blackstone |
| 245 ## - TITLE STATEMENT | |
| Title | Bear In A Square |
| 260 ## - PUBLICATION, DISTRIBUTION, ETC. (IMPRINT) | |
| Place of publication | USA |
| Name of publisher | Barefoot Books |
| Year of publication | 1998 |
| 942 ## - ADDED ENTRY ELEMENTS (KOHA) | |
| Koha item type | Long Loan Books |
| Withdrawn status | Lost status | Collection code | Home library | Current library | Shelving location | Date acquired | Accession Number | Koha item type |
|---|---|---|---|---|---|---|---|---|
| Fiction | Rongo University Library | Rongo University Library | Children's Area | 28/11/2023 | CL20221908 | Long Loan Books |
